U.S. States Ranked by Area - Statistics

General Stats
  • This quiz has been taken 2,186 times
  • The average score is 44 of 50
Answer Stats
Rank km² Hint State % Correct
1 1,723,336 A Alaska
100%
2 695,660 T Texas
100%
3 423,968 C California
99%
4 380,832 M Montana
97%
6 295,233 A Arizona
94%
5 314,917 N New Mexico
94%
9 254,800 O Oregon
94%
8 269,602 C Colorado
93%
15 213,099 K Kansas
92%
13 219,882 U Utah
92%
10 253,334 W Wyoming
92%
7 286,380 N Nevada
91%
22 170,312 F Florida
89%
24 153,910 G Georgia
89%
14 216,443 I Idaho
89%
17 199,730 S South Dakota
89%
16 200,330 N Nebraska
88%
50 3,999 R Rhode Island
88%
45 24,905 V Vermont
88%
30 135,767 A Alabama
87%
49 6,446 D Delaware
87%
25 149,994 I Illinois
87%
37 104,656 K Kentucky
87%
31 135,658 L Louisiana
87%
11 250,485 M Michigan
87%
18 184,661 W Washington
87%
48 14,356 C Connecticut
86%
12 225,163 M Minnesota
86%
19 183,107 N North Dakota
86%
34 116,096 O Ohio
86%
20 181,038 O Oklahoma
86%
33 119,279 P Pennsylvania
86%
36 109,152 T Tennessee
86%
35 110,787 V Virginia
86%
26 145,744 I Iowa
85%
46 24,214 N New Hampshire
85%
29 137,730 A Arkansas
84%
43 28,313 H Hawaii
84%
38 94,327 I Indiana
84%
40 82,931 S South Carolina
84%
23 169,634 W Wisconsin
84%
47 22,590 N New Jersey
83%
41 62,755 W West Virginia
83%
27 141,297 N New York
81%
28 139,390 N North Carolina
81%
44 27,335 M Massachusetts
80%
21 180,540 M Missouri
80%
39 91,634 M Maine
79%
42 32,131 M Maryland
78%
32 125,438 M Mississippi
78%
No matching quizzes found
Score Distribution
Percent of People with Each Score
Percentile by Number Answered
Your Score History
You have not taken this quiz